[Event "DVM U10 2015"]
[Site "Magdeburg GER"]
[Date "2015.12.27"]
[Round "1"]
[White "Eulenstein, Conrad"]
[Black "Sallandt, Frido"]
[Result "1-0"]
[Termination "normal"]
[Board "23.2"]
[WhiteElo "1061"]
[BlackElo "987"]
[WhiteTeam "SV Empor Berlin"]
[BlackTeam "SV Bad Schwartau von 1930"]
[PlyCount "103"]
[BlackFideId "16231767"]
[EventCountry "GER"]
[EventRounds "7"]
[EventType "team-swiss"]
[EventDate "2015.12.27"]

1. e4 e5 2. Nf3 Nc6 3. Nc3 Nf6 4. Bc4 Bc5 5. h3 d6 6. d3 Be6 7. Bg5 h6 8. Bh4
Qe7 9. Qe2 Nd4 10. Nxd4 Bxd4 11. Qd2 O-O-O 12. O-O-O Bxc3 13. Qxc3 Bxc4 14.
Qxc4 Qe6 15. Qxe6+ fxe6 16. Rhf1 g5 17. Bg3 g4 18. Bh4 Rhf8 19. Bxf6 Rxf6 20.
hxg4 Rg6 21. f3 h5 22. gxh5 Rxg2 23. Rd2 Rg5 24. Rh2 Rh8 25. h6 Rg6 26. Rfh1
Rh7 27. Kd2 Kd7 28. Ke3 Ke7 29. d4 Kf6 30. dxe5+ dxe5 31. Rh3 Rg2 32. R1h2 Rxh2
33. Rxh2 Kg5 34. Rg2+ Kxh6 35. Rh2+ Kg6 36. Rxh7 Kxh7 37. f4 Kg7 38. fxe5 Kf7
39. Kf4 Ke7 40. Ke3 Kd7 41. Kd3 Kc6 42. Kc4 b5+ 43. Kb4 Kb6 44. Kc3 c5 45. b3
Ka5 46. a3 b4+ 47. axb4+ cxb4+ 48. Kc4 a6 49. c3 bxc3 50. Kxc3 Kb5 51. b4 Kb6
52. Kd4 1-0

[Event "DVM U10 2015"]
[Site "Magdeburg GER"]
[Date "2015.12.27"]
[Round "1"]
[White "Dethloff, Florian"]
[Black "Kriuckova, Sonia"]
[Result "0-1"]
[Termination "normal"]
[Board "23.3"]
[WhiteElo "758"]
[BlackElo "1208"]
[WhiteTeam "SV Bad Schwartau von 1930"]
[BlackTeam "SV Empor Berlin"]
[PlyCount "69"]
[BlackFideId "16204310"]
[EventCountry "GER"]
[EventRounds "7"]
[EventType "team-swiss"]
[EventDate "2015.12.27"]

1. e4 c5 2. Bc4 e6 3. Qf3 d6 4. d3 Nf6 5. Bg5 Be7 6. Bb5+ Nc6 7. Nc3 a6 8.
Bxc6+ bxc6 9. e5 dxe5 10. Qxc6+ Bd7 11. Qf3 h6 12. Bxf6 Bxf6 13. Nh3 O-O 14.
Ne4 Rb8 15. Nxc5 Rxb2 16. O-O Rxc2 17. Nxa6 Qa8 18. Nb4 Qxf3 19. gxf3 Rb2 20.
Rab1 Rxb1 21. Rxb1 Rb8 22. f4 exf4 23. Nxf4 Be7 24. a3 g5 25. Ne2 Ra8 26. Nd4
Rxa3 27. Nbc2 Ra7 28. Rb8+ Kg7 29. Nb4 Bxb4 30. Nc2 Bd2 31. Nd4 Bf4 32. Rb4 Kf6
33. Nb5 Rb7 34. Rd4 Rxb5 35. Rxd7 0-1

[Event "DVM U10 2015"]
[Site "Magdeburg GER"]
[Date "2015.12.27"]
[Round "1"]
[White "Pixa, Karl"]
[Black "Franke, Josef"]
[Result "1-0"]
[Termination "normal"]
[Board "24.1"]
[WhiteElo "1134"]
[BlackElo "946"]
[WhiteTeam "SV Dresden-Striesen 1990"]
[BlackTeam "SK Neumarkt"]
[PlyCount "57"]
[WhiteFideId "16240480"]
[EventCountry "GER"]
[EventRounds "7"]
[EventType "team-swiss"]
[EventDate "2015.12.27"]

1. e4 e5 2. Nf3 Nc6 3. d4 Bd6 4. Nc3 Nf6 5. Bb5 O-O 6. Bxc6 exd4 7. Qxd4 dxc6
8. O-O Bg4 9. e5 Bxf3 10. gxf3 Re8 11. exf6 Bxh2+ 12. Kxh2 Qxd4 13. fxg7 Qxg7
14. Rg1 Qxg1+ 15. Kxg1 Re1+ 16. Kg2 Kh8 17. Ne4 f5 18. Nf6 Re6 19. Nh5 Rg6+ 20.
Ng3 Rf6 21. b3 Raf8 22. Bb2 Kg8 23. Bxf6 Rxf6 24. f4 Kf7 25. Rh1 Kg7 26. Nh5+
Kf7 27. Nxf6 Kxf6 28. Rxh7 Kg6 29. Rxc7 1-0

[Event "DVM U10 2015"]
[Site "Magdeburg GER"]
[Date "2015.12.27"]
[Round "1"]
[White "Kraus, Jakob"]
[Black "Richter, Nicholas"]
[Result "0-1"]
[Termination "normal"]
[Board "24.2"]
[WhiteElo "789"]
[BlackElo "1105"]
[WhiteTeam "SK Neumarkt"]
[BlackTeam "SV Dresden-Striesen 1990"]
[PlyCount "26"]
[BlackFideId "16244834"]
[EventCountry "GER"]
[EventRounds "7"]
[EventType "team-swiss"]
[EventDate "2015.12.27"]

1. e4 e5 2. Bc4 Bc5 3. Nc3 Nf6 4. Nf3 Nc6 5. O-O d6 6. Ng5 O-O 7. d3 h6 8. Nh3
Bxh3 9. gxh3 Qd7 10. Bb5 Qxh3 11. Bxc6 bxc6 12. Be3 Ng4 13. Bxc5 Qxh2# 0-1

[Event "DVM U10 2015"]
[Site "Magdeburg GER"]
[Date "2015.12.27"]
[Round "1"]
[White "Zhong, Ye Li"]
[Black "Schilay, Vinzenz"]
[Result "1-0"]
[Termination "normal"]
[Board "24.3"]
[WhiteElo "1070"]
[BlackElo "779"]
[WhiteTeam "SV Dresden-Striesen 1990"]
[BlackTeam "SK Neumarkt"]
[PlyCount "84"]
[BlackFideId "12983209"]
[EventCountry "GER"]
[EventRounds "7"]
[EventType "team-swiss"]
[EventDate "2015.12.27"]

1. e4 e5 2. Nf3 Nc6 3. Bb5 a6 4. Bxc6 bxc6 5. Nc3 Nf6 6. d3 Bc5 7. h3 O-O 8.
Nxe5 d6 9. Nf3 Rb8 10. O-O d5 11. e5 Ne8 12. d4 Ba7 13. Be3 a5 14. b3 Ba6 15.
Ne2 f6 16. Qd2 f5 17. Qd1 Qc8 18. Re1 Rb7 19. Bc1 Qd8 20. Bb2 Qe7 21. Qd2 Qd7
22. Qxa5 Bb6 23. Qxa6 Ra7 24. Qd3 Ba5 25. Red1 Qc8 26. Qe3 Bb6 27. c4 Rb7 28.
c5 Ba7 29. Nf4 Qb8 30. e6 Qc8 31. Qe5 Nf6 32. Qxf5 Kh8 33. Qe5 Qe8 34. e7 Rf7
35. Re1 Nd7 36. Qe6 Rxf4 37. Ng5 Rf6 38. Qe3 h6 39. Nf3 Kg8 40. Bc1 Rf7 41. g4
Bb8 42. g5 h5 1-0

[Event "DVM U10 2015"]
[Site "Magdeburg GER"]
[Date "2015.12.27"]
[Round "1"]
[White "Schenk, Jannik"]
[Black "Fahrendorff, Tristan"]
[Result "1-0"]
[Termination "normal"]
[Board "25.2"]
[WhiteElo "809"]
[BlackElo "774"]
[WhiteTeam "Schachpinguine Berlin 1"]
[BlackTeam "KSV Rochade Göttingen 3"]
[PlyCount "21"]
[WhiteFideId "16204344"]
[EventCountry "GER"]
[EventRounds "7"]
[EventType "team-swiss"]
[EventDate "2015.12.27"]

1. d4 d5 2. c4 c6 3. Nf3 e6 4. Nc3 Bb4 5. Bd2 Nf6 6. a3 Bd6 7. Qc2 O-O 8. e4
Nbd7 9. e5 Bc7 10. Ng5 Ng4 11. Qxh7# 1-0

[Event "DVM U10 2015"]
[Site "Magdeburg GER"]
[Date "2015.12.27"]
[Round "1"]
[White "Tran Minh, Duc"]
[Black "Graw, Alexander"]
[Result "1-0"]
[Termination "normal"]
[Board "29.1"]
[WhiteElo "796"]
[BlackElo "1008"]
[WhiteTeam "SF Hettstedt 2"]
[BlackTeam "SF Hettstedt 1"]
[PlyCount "69"]
[BlackFideId "16227670"]
[EventCountry "GER"]
[EventRounds "7"]
[EventType "team-swiss"]
[EventDate "2015.12.27"]

1. e4 e5 2. Nf3 Nc6 3. Nc3 Bc5 4. Bc4 Nf6 5. d3 O-O 6. Be3 Bxe3 7. fxe3 d6 8.
O-O Bg4 9. d4 exd4 10. exd4 Re8 11. d5 Nb4 12. a3 Na6 13. Qe1 Bxf3 14. Rxf3 Nc5
15. Bd3 Nxd3 16. cxd3 c6 17. dxc6 bxc6 18. Rc1 Re5 19. h3 Rb8 20. Rc2 d5 21.
Na4 Qd7 22. Nc5 Qd6 23. b4 h6 24. Rf5 Rb5 25. Rxe5 Qxe5 26. Na6 Rb6 27. Nc5 Qg5
28. e5 Nh5 29. e6 Nf4 30. g3 Nxe6 31. Nxe6 fxe6 32. Qxe6+ Kh8 33. h4 Qxg3+ 34.
Rg2 Qe1+ 35. Qxe1 1-0

[Event "DVM U10 2015"]
[Site "Magdeburg GER"]
[Date "2015.12.27"]
[Round "1"]
[White "Isensee, Lennart"]
[Black "Loreck, Tristan"]
[Result "1-0"]
[Termination "normal"]
[Board "29.2"]
[WhiteElo "924"]
[BlackElo "757"]
[WhiteTeam "SF Hettstedt 1"]
[BlackTeam "SF Hettstedt 2"]
[PlyCount "29"]
[EventCountry "GER"]
[EventRounds "7"]
[EventType "team-swiss"]
[EventDate "2015.12.27"]

1. e4 e6 2. Nc3 Bb4 3. Nf3 Nc6 4. Bc4 Nf6 5. d3 h6 6. Bd2 O-O 7. a3 Bd6 8. d4
e5 9. dxe5 Bxe5 10. Bd5 Nd4 11. Nxe5 d6 12. Nxf7 Qd7 13. Ne5+ Kh7 14. Nxd7 Nxd5
15. Nxd5 1-0

[Event "DVM U10 2015"]
[Site "Magdeburg GER"]
[Date "2015.12.27"]
[Round "1"]
[White "Palfi, Anton Emil"]
[Black "Lehmann, Taylor"]
[Result "0-1"]
[Termination "normal"]
[Board "29.3"]
[WhiteElo "840"]
[BlackElo "949"]
[WhiteTeam "SF Hettstedt 2"]
[BlackTeam "SF Hettstedt 1"]
[PlyCount "44"]
[BlackFideId "16240642"]
[EventCountry "GER"]
[EventRounds "7"]
[EventType "team-swiss"]
[EventDate "2015.12.27"]

1. e4 e5 2. Nc3 Nc6 3. Qf3 Bb4 4. a3 Bc5 5. d4 Nxd4 6. Qh5 Nxc2+ 7. Kd1 Nxa1 8.
Bc4 Nh6 9. Bxh6 O-O 10. Qg5 g6 11. f4 Be3 12. f5 Bxg5 13. fxg6 Bxh6 14. gxf7+
Rxf7 15. Nh3 Kg7 16. g4 Rf3 17. Be2 Rxh3 18. g5 Bxg5 19. Rg1 Rxh2 20. Rxg5+
Qxg5 21. Bc4 Qg1+ 22. Bf1 Qxf1# 0-1

[Event "DVM U10 2015"]
[Site "Magdeburg GER"]
[Date "2015.12.27"]
[Round "1"]
[White "Kracke, Lukas"]
[Black "Mimkes, Antal"]
[Result "1-0"]
[Termination "normal"]
[Board "30.1"]
[WhiteElo "784"]
[BlackElo "961"]
[WhiteTeam "KSV Rochade Göttingen 2"]
[BlackTeam "KSV Rochade Göttingen 1"]
[PlyCount "39"]
[BlackFideId "16265963"]
[EventCountry "GER"]
[EventRounds "7"]
[EventType "team-swiss"]
[EventDate "2015.12.27"]

1. e4 e5 2. Nf3 Nc6 3. Nc3 Nf6 4. d4 exd4 5. Nxd4 Nxd4 6. Qxd4 Be7 7. Qd1 O-O
8. Bc4 Bb4 9. O-O Re8 10. Re1 Bxc3 11. bxc3 Nxe4 12. Qf3 a6 13. g3 c5 14. Rxe4
h6 15. Bf4 d6 16. Rae1 Re7 17. g4 Bxg4 18. Qe3 Kh7 19. Rxe7 Qxe7 20. Qxe7 {
Rest nicht nachvollziehbar} 1-0

[Event "DVM U10 2015"]
[Site "Magdeburg GER"]
[Date "2015.12.27"]
[Round "1"]
[White "Lesser, Luan"]
[Black "Zimmermann, Bennet"]
[Result "1-0"]
[Termination "normal"]
[Board "30.3"]
[WhiteElo "800"]
[BlackElo "926"]
[WhiteTeam "KSV Rochade Göttingen 2"]
[BlackTeam "KSV Rochade Göttingen 1"]
[PlyCount "56"]
[WhiteFideId "34640150"]
[EventCountry "GER"]
[EventRounds "7"]
[EventType "team-swiss"]
[EventDate "2015.12.27"]

1. e4 e5 2. Nf3 Nc6 3. Nc3 Nf6 4. Bb5 Nd4 5. Bc4 Bc5 6. O-O O-O 7. Nxd4 exd4 8.
Nd5 Nxe4 9. Bd3 Nf6 10. Nxf6+ Qxf6 11. Qh5 h6 12. Qxc5 d6 13. Qxc7 Qg5 14. g3
Bh3 15. Re1 Rfe8 16. Be4 d5 17. d3 Qg4 18. f3 Qh5 19. b4 Qe5 20. Bh7+ Kxh7 21.
Rxe5 Rxe5 22. Qxe5 f6 23. Qh5 Bg4 24. fxg4 Rc8 25. Qf5+ g6 26. Qxc8 g5 27. c3
dxc3 28. Qxc3 Kg6 1-0

[Event "DVM U10 2015"]
[Site "Magdeburg GER"]
[Date "2015.12.27"]
[Round "1"]
[White "Gargulla, Matti"]
[Black "Zimmermann, Simon"]
[Result "1-0"]
[Termination "normal"]
[Board "30.4"]
[WhiteElo "919"]
[BlackElo "777"]
[WhiteTeam "KSV Rochade Göttingen 1"]
[BlackTeam "KSV Rochade Göttingen 2"]
[PlyCount "63"]
[BlackFideId "16235649"]
[EventCountry "GER"]
[EventRounds "7"]
[EventType "team-swiss"]
[EventDate "2015.12.27"]

1. e4 e5 2. Nf3 Nf6 3. Nc3 Nc6 4. d4 exd4 5. Nxd4 Bb4 6. Bc4 O-O 7. O-O Re8 8.
Re1 Bc5 9. Nxc6 bxc6 10. e5 Nd5 11. Nxd5 cxd5 12. Bxd5 Rb8 13. Qf3 Qe7 14. Bg5
Qf8 15. Be4 Rxb2 16. Qh3 h6 17. Kf1 d5 18. Bf5 Bxf5 19. Qxf5 hxg5 20. Qxg5 Rxc2
21. Qf5 Rb2 22. Rac1 Bb4 23. Re3 f6 24. Rh3 Kf7 25. Qd7+ Be7 26. Qxd5+ Kg6 27.
Qe4+ f5 28. Rg3+ Bg5 29. Qc6+ Kf7 30. Rxg5 Qa3 31. Qg6+ Kg8 32. Qxg7# 1-0

[Event "DVM U10 2015"]
[Site "Magdeburg GER"]
[Date "2015.12.27"]
[Round "2"]
[White "Zeuner, Ole"]
[Black "Pietsch, Julius"]
[Result "1/2-1/2"]
[Termination "normal"]
[Board "1.1"]
[WhiteElo "1559"]
[BlackElo "1344"]
[WhiteClock "00:02:56"]
[BlackClock "00:08:39"]
[WhiteTeam "Schachzwerge Magdeburg 1"]
[BlackTeam "SV Roter Turm Halle 1"]
[PlyCount "76"]
[WhiteFideId "12943576"]
[BlackFideId "12985660"]
[EventCountry "GER"]
[EventRounds "7"]
[EventType "team-swiss"]
[EventDate "2015.12.27"]

1. e4 c5 2. Nf3 d6 3. Bc4 Nf6 4. c3 e6 5. d3 Be7 6. O-O O-O 7. Re1 a6 8. d4
cxd4 9. cxd4 b5 10. Bb3 Qc7 11. Qc2 Qxc2 12. Bxc2 Bb7 13. e5 dxe5 14. dxe5 Nfd7
15. Be4 Bxe4 16. Rxe4 Nc5 17. Rd4 Nc6 18. Rd1 Rfd8 19. Bd2 Nd3 20. Nc3 Ndxe5
21. Nxe5 Nxe5 22. Be3 Nc4 23. b3 Nxe3 24. fxe3 Bf6 25. Rxd8+ Rxd8 26. Rd1 Rxd1+
27. Nxd1 b4 28. Kf2 Be5 29. h3 f5 30. Kf3 Kf7 31. Nf2 a5 32. Nd3 Kf6 33. Kf2 g5
34. Kf3 h5 35. e4 Bd4 36. exf5 exf5 37. g3 g4+ 38. hxg4 hxg4+ 1/2-1/2

[Event "DVM U10 2015"]
[Site "Magdeburg GER"]
[Date "2015.12.27"]
[Round "2"]
[White "Pietsch, Johann"]
[Black "Morgenstern, Tobias"]
[Result "1/2-1/2"]
[Termination "normal"]
[Board "1.2"]
[WhiteElo "1110"]
[BlackElo "1342"]
[WhiteClock "00:23:21"]
[BlackClock "00:10:56"]
[WhiteTeam "SV Roter Turm Halle 1"]
[BlackTeam "Schachzwerge Magdeburg 1"]
[PlyCount "27"]
[WhiteFideId "12987000"]
[BlackFideId "12974390"]
[EventCountry "GER"]
[EventRounds "7"]
[EventType "team-swiss"]
[EventDate "2015.12.27"]

1. e4 e5 2. Nf3 Nc6 3. Bc4 Bc5 4. Nc3 Nf6 5. O-O d6 6. d3 Bg4 7. Be3 Bb6 8. Na4
Ba5 9. c3 a6 10. b4 b5 11. Bd5 Nxb4 12. cxb4 Nd7 13. bxa5 bxa4 14. Qxa4 1/2-1/2

[Event "DVM U10 2015"]
[Site "Magdeburg GER"]
[Date "2015.12.27"]
[Round "2"]
[White "Joppich, Til"]
[Black "Kuppe, Eugen"]
[Result "0-1"]
[Termination "normal"]
[Board "1.3"]
[WhiteElo "1515"]
[BlackElo "933"]
[WhiteClock "00:42:23"]
[BlackClock "00:48:38"]
[WhiteTeam "Schachzwerge Magdeburg 1"]
[BlackTeam "SV Roter Turm Halle 1"]
[PlyCount "47"]
[WhiteFideId "16232917"]
[EventCountry "GER"]
[EventRounds "7"]
[EventType "team-swiss"]
[EventDate "2015.12.27"]

1. e4 e5 2. Nf3 Nc6 3. Bc4 Nf6 4. Ng5 d5 5. exd5 Nxd5 6. Nxf7 Kxf7 7. Qf3+ Ke7
8. Qxd5 Qxd5 9. Bxd5 Bd7 10. O-O Re8 11. Nc3 Kd8 12. d3 Bd6 13. Nb5 a6 14. Nxd6
cxd6 15. Bg5+ Kc7 16. Rfe1 Nb4 17. a3 Nxd5 18. c4 Nb6 19. Bd2 Nc8 20. Rac1 Kb8
21. c5 d5 22. Bg5 h6 23. Bh4 Re6 24. Bg3 0-1

[Event "DVM U10 2015"]
[Site "Magdeburg GER"]
[Date "2015.12.27"]
[Round "2"]
[White "Lox, Nils Norman"]
[Black "Lutz, Ruben"]
[Result "0-1"]
[Termination "normal"]
[Board "2.1"]
[WhiteElo "1131"]
[BlackElo "1693"]
[WhiteClock "00:04:41"]
[BlackClock "00:00:15"]
[WhiteTeam "SC Eintracht Berlin"]
[BlackTeam "USV TU Dresden 1"]
[PlyCount "56"]
[WhiteFideId "16221389"]
[BlackFideId "12975974"]
[EventCountry "GER"]
[EventRounds "7"]
[EventType "team-swiss"]
[EventDate "2015.12.27"]

1. d4 d5 2. Nf3 Nf6 3. e3 Bf5 4. Bd3 Bg6 5. c3 e6 6. Qe2 c6 7. Nbd2 Nbd7 8. O-O
Be7 9. e4 dxe4 10. Nxe4 Nxe4 11. Bxe4 Nf6 12. Bxg6 hxg6 13. Bf4 O-O 14. Rad1
Qb6 15. Ne5 Rad8 16. Rfe1 c5 17. Be3 Nd5 18. dxc5 Bxc5 19. Bxc5 Qxc5 20. Rd4
Qc7 21. Qg4 Nf6 22. Qf4 Rxd4 23. Qxd4 Rd8 24. Qe3 Qd6 25. Qd4 Qd5 26. f3 Nh5
27. Nc4 Qxd4+ 28. cxd4 Rxd4 0-1

[Event "DVM U10 2015"]
[Site "Magdeburg GER"]
[Date "2015.12.27"]
[Round "2"]
[White "Lutz, Adam"]
[Black "Raasch, Hauke"]
[Result "1/2-1/2"]
[Termination "normal"]
[Board "2.2"]
[WhiteElo "1423"]
[BlackElo "1171"]
[WhiteClock "00:14:14"]
[BlackClock "00:27:15"]
[WhiteTeam "USV TU Dresden 1"]
[BlackTeam "SC Eintracht Berlin"]
[PlyCount "32"]
[WhiteFideId "16226615"]
[BlackFideId "16210034"]
[EventCountry "GER"]
[EventRounds "7"]
[EventType "team-swiss"]
[EventDate "2015.12.27"]

1. e4 d5 2. exd5 Qxd5 3. Nc3 Qa5 4. d4 c6 5. Bd2 Qc7 6. Nf3 Bf5 7. Bc4 e6 8.
O-O Bd6 9. h3 Nf6 10. Re1 O-O 11. Rc1 Nbd7 12. Qe2 Rfe8 13. Bd3 Bxd3 14. Qxd3
h6 15. Rcd1 Nd5 16. Ne4 Be7 1/2-1/2

[Event "DVM U10 2015"]
[Site "Magdeburg GER"]
[Date "2015.12.27"]
[Round "2"]
[White "Gräbnitz, Marc-Florian"]
[Black "Nguyen, Phuong Thao Vivien"]
[Result "1-0"]
[Termination "normal"]
[Board "2.3"]
[WhiteElo "1153"]
[BlackElo "1333"]
[WhiteClock "00:13:37"]
[BlackClock "00:10:30"]
[WhiteTeam "SC Eintracht Berlin"]
[BlackTeam "USV TU Dresden 1"]
[PlyCount "72"]
[WhiteFideId "16226992"]
[BlackFideId "16210735"]
[EventCountry "GER"]
[EventRounds "7"]
[EventType "team-swiss"]
[EventDate "2015.12.27"]

1. d4 Nf6 2. Nf3 g6 3. e3 Bg7 4. Bd2 O-O 5. Bd3 d6 6. O-O c5 7. Qe2 a6 8. dxc5
dxc5 9. Bc3 Nc6 10. Rd1 Qc7 11. Nbd2 b5 12. Be4 b4 13. Be5 Qb7 14. Bxc6 Qxc6
15. c3 a5 16. cxb4 cxb4 17. Rac1 Qb7 18. Rc7 Qb6 19. Rdc1 Bb7 20. Nc4 Qa6 21.
Rc5 Bd5 22. Bxf6 Bxc4 23. Qxc4 Qxc4 24. R1xc4 Rfd8 25. Bd4 f6 26. g3 e5 27.
Nxe5 fxe5 28. Bxe5 Bf8 29. Rc6 Rd7 30. Kg2 Rd5 31. Bd4 Rf5 32. Rc8 Rxc8 33.
Rxc8 a4 34. Ra8 a3 35. Ra5 b3 36. Rxf5 gxf5 1-0

[Event "DVM U10 2015"]
[Site "Magdeburg GER"]
[Date "2015.12.27"]
[Round "2"]
[White "Günther, Fabian"]
[Black "Lieger, Lucas"]
[Result "0-1"]
[Termination "normal"]
[Board "2.4"]
[WhiteElo "1124"]
[BlackElo "1239"]
[WhiteClock "00:42:34"]
[BlackClock "00:23:35"]
[WhiteTeam "USV TU Dresden 1"]
[BlackTeam "SC Eintracht Berlin"]
[PlyCount "38"]
[WhiteFideId "16240294"]
[BlackFideId "16210026"]
[EventCountry "GER"]
[EventRounds "7"]
[EventType "team-swiss"]
[EventDate "2015.12.27"]

1. e4 d5 2. exd5 Qxd5 3. Nc3 Qa5 4. d4 c6 5. Bd2 Qc7 6. Nf3 Bf5 7. Bc4 e6 8.
O-O Bd6 9. h3 Nf6 10. Re1 O-O 11. Rc1 Nbd7 12. Qe2 Rfe8 13. Bd3 Bxd3 14. Qxd3
h6 15. Red1 Nd5 16. Ne4 Ne7 17. Nxd6 Qxd6 18. Ne5 Rad8 19. c4 Qc7 0-1

[Event "DVM U10 2015"]
[Site "Magdeburg GER"]
[Date "2015.12.27"]
[Round "2"]
[White "Weihrauch, Jakob"]
[Black "Duduka, Artem"]
[Result "1-0"]
[Termination "normal"]
[Board "3.1"]
[WhiteElo "1732"]
[BlackElo "1113"]
[WhiteTeam "Hamburger SK von 1830 1"]
[BlackTeam "Sfr.Nord-Ost Berlin 1"]
[PlyCount "85"]
[WhiteFideId "16210115"]
[BlackFideId "14194805"]
[EventCountry "GER"]
[EventRounds "7"]
[EventType "team-swiss"]
[EventDate "2015.12.27"]

1. e4 e5 2. Nf3 Nc6 3. Bb5 a6 4. Ba4 Nf6 5. d3 h6 6. Bxc6 dxc6 7. Nxe5 Bd6 8.
Nf3 Bg4 9. O-O Bc5 10. h3 Bh5 11. c3 O-O 12. d4 Bb6 13. Nbd2 Re8 14. e5 Nd5 15.
Nb3 Re6 16. g4 Bg6 17. a3 Be4 18. Re1 Bxf3 19. Qxf3 Rg6 20. c4 Ne7 21. Be3 Qd7
22. Qg3 Nf5 23. Qf4 Nxe3 24. Qxe3 h5 25. f3 Re8 26. Qf4 a5 27. c5 a4 28. cxb6
axb3 29. bxc7 Qxc7 30. Re3 Qb6 31. Kf2 hxg4 32. fxg4 Rge6 33. Kg3 f6 34. Rae1 (
34. Rd1 g5 35. Qe4 fxe5 36. dxe5 Rxe5 37. Qg6+ Kh8 38. Qxg5 (38. Qf6+ Kh7 39.
Rxe5 Qc7 40. Qf5+ Kh8 41. Qxg5 Rxe5 42. Qxe5+ Qxe5+) 38... Rxg5) 34... g5 35.
Qe4 fxe5 36. dxe5 Rxe5 37. Qg6+ Kh8 38. Qf6+ Kh7 39. Rxe5 Qc7 40. Qf5+ Kh8 41.
Qxg5 Rxe5 42. Qxe5+ Qxe5+ 43. Rxe5 1-0

[Event "DVM U10 2015"]
[Site "Magdeburg GER"]
[Date "2015.12.27"]
[Round "2"]
[White "Gutewort, Paul Emil"]
[Black "Huo, Da"]
[Result "1/2-1/2"]
[Termination "normal"]
[Board "3.2"]
[WhiteElo "1122"]
[BlackElo "1320"]
[WhiteTeam "Sfr.Nord-Ost Berlin 1"]
[BlackTeam "Hamburger SK von 1830 1"]
[PlyCount "29"]
[WhiteFideId "16204182"]
[BlackFideId "16221206"]
[EventCountry "GER"]
[EventRounds "7"]
[EventType "team-swiss"]
[EventDate "2015.12.27"]

1. e4 c5 2. Nf3 Nc6 3. d4 cxd4 4. Nxd4 g6 5. Be3 Bg7 6. Nc3 Nf6 7. h3 d6 8. Bb5
Bd7 9. Qd2 a6 10. Bxc6 Bxc6 11. Nxc6 bxc6 12. Bh6 O-O 13. O-O Qa5 14. Bxg7 Kxg7
15. Rfe1 1/2-1/2

[Event "DVM U10 2015"]
[Site "Magdeburg GER"]
[Date "2015.12.27"]
[Round "2"]
[White "von Krosigk, Florian"]
[Black "Beck, Felix"]
[Result "1-0"]
[Termination "normal"]
[Board "3.3"]
[WhiteElo "1254"]
[BlackElo "1010"]
[WhiteTeam "Hamburger SK von 1830 1"]
[BlackTeam "Sfr.Nord-Ost Berlin 1"]
[PlyCount "81"]
[WhiteFideId "16227808"]
[BlackFideId "16255364"]
[EventCountry "GER"]
[EventRounds "7"]
[EventType "team-swiss"]
[EventDate "2015.12.27"]

1. e4 e5 2. Nf3 Nc6 3. Bc4 Be7 4. c3 Nf6 5. d3 d6 6. h3 Be6 7. Bb3 d5 8. Nbd2
O-O 9. O-O Qd7 10. Ba4 Qd6 11. Re1 Rad8 12. b4 a6 13. Bb2 b5 14. Bb3 dxe4 15.
dxe4 Qd3 16. Re3 Qd6 17. Bc2 Na7 18. Rd3 Qb6 19. Rxd8 Rxd8 20. Nxe5 Qd6 21.
Nef3 Qf4 22. Qe2 c5 23. a3 Nc6 24. Rd1 Bd6 25. Re1 Ne5 26. Nxe5 Qxe5 27. Nf3
Qf4 28. Bc1 Bc4 29. Bd3 Bxd3 30. Qxd3 c4 31. Qc2 Qxe4 32. Rxe4 Nxe4 33. Qxe4
Bc7 34. Bd2 h6 35. Qe7 Bb6 36. Qb7 Rd6 37. Bf4 Re6 38. Ne5 Rf6 39. g3 g5 40.
Be3 Bxe3 41. fxe3 1-0

[Event "DVM U10 2015"]
[Site "Magdeburg GER"]
[Date "2015.12.27"]
[Round "2"]
[White "Reichmann, Felix"]
[Black "Bölke, Roman"]
[Result "0-1"]
[Termination "normal"]
[Board "3.4"]
[WhiteElo "1093"]
[BlackElo "1051"]
[WhiteTeam "Sfr.Nord-Ost Berlin 1"]
[BlackTeam "Hamburger SK von 1830 1"]
[PlyCount "51"]
[WhiteFideId "16238290"]
[EventCountry "GER"]
[EventRounds "7"]
[EventType "team-swiss"]
[EventDate "2015.12.27"]

1. c4 e5 2. g3 Nc6 3. Bg2 f5 4. Nc3 Nf6 5. d3 Bb4 6. Bd2 d6 7. a3 Bxc3 8. Bxc3
O-O 9. Nf3 Qe8 10. O-O Qh5 11. b4 Ng4 12. h3 Nh6 13. b5 Ne7 14. a4 g5 15. Nd2
g4 16. h4 f4 17. Ne4 Bf5 18. Ng5 Nf7 19. Nxf7 Rxf7 20. Bxb7 Rb8 21. Bg2 Bg6 22.
Ra2 Nf5 23. Bd5 fxg3 24. Bxf7+ Kxf7 25. fxg3 Kg8 26. Kg2 0-1

[Event "DVM U10 2015"]
[Site "Magdeburg GER"]
[Date "2015.12.27"]
[Round "2"]
[White "Stockmann, Till"]
[Black "Reuter, Elisa"]
[Result "1/2-1/2"]
[Termination "normal"]
[Board "4.1"]
[WhiteElo "1482"]
[BlackElo "1547"]
[WhiteTeam "VfL Gräfenhainichen"]
[BlackTeam "SV Empor Erfurt 1"]
[PlyCount "55"]
[WhiteFideId "12979341"]
[BlackFideId "12995444"]
[EventCountry "GER"]
[EventRounds "7"]
[EventType "team-swiss"]
[EventDate "2015.12.27"]

1. e4 c5 2. Nf3 Nc6 3. d4 cxd4 4. Nxd4 g6 5. Be3 Bg7 6. Nc3 Nf6 7. Be2 O-O 8.
O-O d5 9. Nxc6 bxc6 10. e5 Nd7 11. f4 e6 12. Na4 Qa5 13. Qd4 Bb7 14. Nc5 Nxc5
15. Qxc5 Qxc5 16. Bxc5 Rfd8 17. g3 Bf8 18. Bxf8 Kxf8 19. c3 c5 20. Bf3 Rab8 21.
Rad1 Ba6 22. Rf2 Rb6 23. b3 c4 24. b4 Bc8 25. g4 Bd7 26. f5 Ba4 27. Rd4 Kg7 28.
f6+ 1/2-1/2

[Event "DVM U10 2015"]
[Site "Magdeburg GER"]
[Date "2015.12.27"]
[Round "2"]
[White "Kazuch, Vincent"]
[Black "Grunemann, Jonas"]
[Result "1-0"]
[Termination "normal"]
[Board "4.2"]
[WhiteElo "1696"]
[BlackElo "970"]
[WhiteTeam "SV Empor Erfurt 1"]
[BlackTeam "VfL Gräfenhainichen"]
[PlyCount "93"]
[WhiteFideId "12971480"]
[BlackFideId "16255577"]
[EventCountry "GER"]
[EventRounds "7"]
[EventType "team-swiss"]
[EventDate "2015.12.27"]

1. e4 e5 2. Nf3 Nc6 3. d4 exd4 4. Nxd4 Bc5 5. Be3 Qf6 6. c3 Nge7 7. Bc4 O-O 8.
O-O d6 9. Nxc6 Nxc6 10. Bxc5 dxc5 11. Nd2 Qg6 12. f4 Bh3 13. Qf3 Rad8 14. Rad1
Bg4 15. Qf2 Bxd1 16. Rxd1 Na5 17. Re1 Nxc4 18. Nxc4 Rd7 19. Ne5 Qe6 20. Nxd7
Qxd7 21. Qxc5 Qd2 22. Qf2 Rd8 23. g3 Qxf2+ 24. Kxf2 Rd2+ 25. Re2 Rd6 26. g4 Ra6
27. a3 h6 28. Kg3 Kh7 29. h4 g6 30. f5 f6 31. fxg6+ Kxg6 32. Kf4 Ra5 33. h5+
Kg7 34. e5 Ra4+ 35. Kf5 fxe5 36. Rxe5 Ra6 37. Re7+ Kf8 38. Rxc7 Ra5+ 39. Kg6
Ra6+ 40. Kh7 Rf6 41. Rxb7 a5 42. Rb8+ Kf7 43. Rg8 Ke7 44. Rb8 Kf7 45. Rg8 a4
46. Rg6 Rxg6 47. hxg6+ 1-0